<?xml version="1.0" encoding="UTF-8"?>
<record
    xmlns:xsi="http://www.w3.org/2001/XMLSchema-instance"
    xsi:schemaLocation="http://www.loc.gov/MARC21/slim http://www.loc.gov/standards/marcxml/schema/MARC21slim.xsd"
    xmlns="http://www.loc.gov/MARC21/slim">

  <leader>00871na  a2200241   4500</leader>
  <controlfield tag="001">23624</controlfield>
  <controlfield tag="003">MIRAKIL</controlfield>
  <controlfield tag="005">20181213155314.0</controlfield>
  <controlfield tag="008">171113b        tu            000 0      </controlfield>
  <datafield tag="035" ind1=" " ind2=" ">
    <subfield code="a">20602</subfield>
  </datafield>
  <datafield tag="040" ind1=" " ind2=" ">
    <subfield code="a">Milas</subfield>
    <subfield code="b">tur</subfield>
    <subfield code="c">TR-AnCHP</subfield>
  </datafield>
  <datafield tag="041" ind1=" " ind2=" ">
    <subfield code="a">tur</subfield>
  </datafield>
  <datafield tag="082" ind1=" " ind2=" ">
    <subfield code="a">363.73</subfield>
    <subfield code="b">&#x130;95g 2015</subfield>
  </datafield>
  <datafield tag="090" ind1=" " ind2=" ">
    <subfield code="a">363.73 &#x130;95g 2015</subfield>
  </datafield>
  <datafield tag="110" ind1=" " ind2=" ">
    <subfield code="a">&#x130;zmir B&#xFC;y&#xFC;k&#x15F;ehir Belediyesi</subfield>
  </datafield>
  <datafield tag="245" ind1=" " ind2=" ">
    <subfield code="a">Gediz-Bak&#x131;r&#xE7;ay havzas&#x131; s&#xFC;rd&#xFC;r&#xFC;lebilir kalk&#x131;nma stratejisi</subfield>
    <subfield code="c">&#x130;zmir B&#xFC;y&#xFC;k&#x15F;ehir Belediyesi</subfield>
  </datafield>
  <datafield tag="260" ind1=" " ind2=" ">
    <subfield code="a">&#x130;zmir</subfield>
    <subfield code="b">&#x130;zmir B&#xFC;y&#xFC;k&#x15F;ehir Belediyesi</subfield>
    <subfield code="c">2015</subfield>
  </datafield>
  <datafield tag="300" ind1=" " ind2=" ">
    <subfield code="a">421 s.</subfield>
    <subfield code="b">tbl. , grf. , hrt. , fot&#x11F;. , &#x15F;kl.</subfield>
    <subfield code="c">30 sm.</subfield>
  </datafield>
  <datafield tag="610" ind1=" " ind2=" ">
    <subfield code="a">&#x130;zmir B&#xFC;y&#xFC;k&#x15F;ehir Belediyesi</subfield>
    <subfield code="x">&#xC7;evre politikalar&#x131;</subfield>
    <subfield code="y">S&#xFC;rd&#xFC;r&#xFC;lebilir kalk&#x131;nma</subfield>
  </datafield>
  <datafield tag="610" ind1=" " ind2=" ">
    <subfield code="a">&#x130;zmir B&#xFC;y&#xFC;k&#x15F;ehir Belediyesi</subfield>
    <subfield code="x">&#xC7;evre sorunlar&#x131;</subfield>
    <subfield code="y">&#xC7;&#xF6;z&#xFC;m &#xF6;nerileri</subfield>
  </datafield>
  <datafield tag="650" ind1=" " ind2=" ">
    <subfield code="a">&#xC7;evre sorunlar&#x131;</subfield>
    <subfield code="z">T&#xFC;rkiye</subfield>
  </datafield>
  <datafield tag="942" ind1=" " ind2=" ">
    <subfield code="2">ddc</subfield>
    <subfield code="c">BKS</subfield>
  </datafield>
  <datafield tag="952" ind1=" " ind2=" ">
    <subfield code="a">0001</subfield>
    <subfield code="b">0001</subfield>
    <subfield code="d">2017-11-13</subfield>
    <subfield code="e">2</subfield>
    <subfield code="l">0</subfield>
    <subfield code="o">363.73 &#x130;95g 2015</subfield>
    <subfield code="p">017611</subfield>
    <subfield code="r">2017-11-13 00:00:00</subfield>
    <subfield code="v">0.00</subfield>
    <subfield code="w">2017-11-13</subfield>
    <subfield code="y">BKS</subfield>
  </datafield>
  <datafield tag="999" ind1=" " ind2=" ">
    <subfield code="c">10292</subfield>
    <subfield code="d">10292</subfield>
  </datafield>
</record>
